Gaming Quiz

Random Gaming or Nintendo Quiz
Score 0/19 Timer 07:00
0 Plays Today
% Correct
X
96.6%
Chris Redfield
94%
Ryu
93.2%
Dante
93.2%
Jin Kazama
91.5%
Chrom
91.5%
Reiji Arisu
89.7%
Chun-Li
88.9%
KOS-MOS
88.9%
Demitri Maximoff
88%
% Correct
Akira Yuki
87.2%
Zephyr
87.2%
Kite
87.2%
Ichiro Ogami
85.5%
Sakura Shinguji
84.6%
Yuri Lowell
82.1%
Strider Hiryu
81.2%
Kazuma Kiryu
80.3%
Ciel Alencon
74.4%
Remove Ads.
Support Sporcle.
Get the best of Sporcle when you Go Orange. This ad-free experience offers more features, more stats, and more fun while also helping to support Sporcle. Thank you for becoming a member.

You're not logged in!

Compare scores with friends on all Sporcle quizzes.
OR
Log In

Show Comments

Extras

Top Quizzes Today


Score Distribution

Your Account Isn't Verified!

In order to create a playlist on Sporcle, you need to verify the email address you used during registration. Go to your Sporcle Settings to finish the process.

Report this User

Report this user for behavior that violates our Community Guidelines.

Details: